=LDR 00000nam 2200000 4500 =001 INLIS000000000004001 =005 20250617021756 =035 ##$$a 0010-0625000206 =007 ta =008 250617################g##########0#ind## =082 ##$$a 613.943 =084 ##$$a 613.943 IKI p =245 1#$$a Penelitian Tentang Kebenaran Laporan dan Ketepatan Pencatatan Karakteristik Akseptor di DKI Jakarta /$c IKIP Jakarta =260 ##$$a Jakarta :$b BKKBN,$c 1980 =300 ##$$a iii, 102 hlm : $b ilus ; $c 29 cm =110 2#$$a IKIP Jakarta =504 ##$$a Bibliografi : halaman 102 =650 #4$$a Akseptor KB